000 004450000a22001930004500
001 002802
003 MACL
005 20151014142701.0
008 151014b xxu||||| |||| 00| 0 eng d
040 _aMACL
_cMACL
041 _aEnglish
082 _a920/DAS
100 _aDas, Kamala
_910534
245 _aMy Story
_cKamala Das
260 _aNew Delhi
_c2004
_bDC Books,
350 _a100
650 _aBiography
_914805
942 _k920
_cBK
_2ddc
999 _c14710
_d14710